Brownfield market signals (Record no. 81677)

MARC details
000 -LEADER
fixed length control field 01990cab a22002295a 4500
001 - CONTROL NUMBER
control field L147923
008 - FIXED-LENGTH DATA ELEMENTS--GENERAL INFORMATION
fixed length control field 090527s2009 xxk 000 0 eng d
035 ## - SYSTEM CONTROL NUMBER
System control number (Sirsi) u147923
041 0# - LANGUAGE CODE
Language code of text/sound track or separate title eng
050 ## - LIBRARY OF CONGRESS CALL NUMBER
Classification number 333.73 $2 18
110 2# - MAIN ENTRY--CORPORATE NAME
Corporate name or jurisdiction name as entry element Campaign to Protect Rural England
9 (RLIN) 4718
245 00 - TITLE STATEMENT
Title Brownfield market signals
Remainder of title greenfield housing land supply and the viability of brownfield housing development
Medium [electronic resource]
260 ## - PUBLICATION, DISTRIBUTION, ETC.
Place of publication, distribution, etc. London
Name of publisher, distributor, etc. CPRE
Date of publication, distribution, etc. 2009
505 ## - FORMATTED CONTENTS NOTE
Formatted contents note Foreword -- Executive summary -- Introduction -- Policy context for the research -- Research method -- Constructing the model of development viability -- The model of development viability: estimation results -- Discussion of the modelling results -- Conclusion -- Appendix 1: The case study locations -- Appendix 2: The development site build-rate model -- Appendix 3: the construction cost model -- Appendix 4: the new build house price model -- Appendix 5: Predicting development viability
520 ## - SUMMARY, ETC.
Summary, etc. Presents the results of a study on the link between urban regeneration, greenfield development and brownfield development. Examines how competing greenfield land supply can be a factor in the viability brown field development. Aimed at helping to avoid the undermining of urban regeneration schemes in future. Recommends great care be taken over the level and timing of planning consents. Suggests that those involved with setting targets, planning or delivering new homes should: examine the capacity of local housing markets to absorb new supply; understand the operation of market signals at local levels; understand interactions between local land markets and development sites; ensure local authorities improve viability through place-making strategies.
521 ## - TARGET AUDIENCE NOTE
Target audience note Advanced
590 ## - LOCAL NOTE (RLIN)
Local note KA NTK
651 #4 - SUBJECT ADDED ENTRY--GEOGRAPHIC NAME
Geographic name England
Chronological subdivision 886-
690 ## - LOCAL SUBJECT ADDED ENTRY--TOPICAL TERM (OCLC, RLIN)
Topical term or geographic name as entry element Planning and development
9 (RLIN) 6259
856 40 - ELECTRONIC LOCATION AND ACCESS
Uniform Resource Identifier <a href="https://www.cpre.org.uk/news/view/614">https://www.cpre.org.uk/news/view/614</a>
Public note View the news release free of charge at www.cpre.org.uk...
942 ## - ADDED ENTRY ELEMENTS (KOHA)
Suppress in OPAC 0
Holdings
Withdrawn status Lost status Source of classification or shelving scheme Damaged status Not for loan Home library Current library Shelving location Date acquired Total Checkouts Full call number Barcode Date last seen Copy number Price effective from Koha item type
    Dewey Decimal Classification     Virtual Virtual Online 01/07/2009   ONLINE PUBLICATION 147923-2001 06/08/2019 1 06/08/2019 Book